Métodos para proyectos de desarrollo rural
Saved in:
| Hovedforfatter: | |
|---|---|
| Format: | Bog |
| Sprog: | spansk |
| Udgivet: |
Washington, D.C
International Food Policy Research Institute
2003
|
| Serier: | Seguridad Alimentaria en la Práctica
|
| Fag: | |
| Tags: |
Tilføj Tag
Ingen Tags, Vær først til at tagge denne postø!
|
MARC
| LEADER | 00000nam a2200000 a 4500 | ||
|---|---|---|---|
| 001 | UCL5226 | ||
| 003 | CL-VaPUC | ||
| 008 | 040305e20030000us |||||||||||||||||spa|d | ||
| 020 | |a 0896297195 | ||
| 082 | 0 | 4 | |a 338.191724 |b HOD |2 21 |
| 100 | 0 | |a Hoddinott, John |e author |9 482961 | |
| 245 | 1 | 0 | |a Métodos para proyectos de desarrollo rural |
| 300 | |a 118 p | ||
| 942 | |c BK | ||
| 945 | |d 20040305 00:00:00 |a cmena | ||
| 260 | |a Washington, D.C |b International Food Policy Research Institute |c 2003 | ||
| 650 | 7 | |a SUMINISTRO DE ALIMENTOS |2 CL-VaPUC |9 482962 | |
| 650 | 0 | |a Países en desarrollo |9 259663 | |
| 650 | 0 | |a Zonas rurales |9 317366 | |
| 490 | 0 | |a Seguridad Alimentaria en la Práctica | |
| 999 | |c 307880 |d 307878 | ||
| 583 | |k Rodrigo Vera | ||
| 952 | |0 0 |1 0 |4 0 |6 338_191724000000000_HOD_2003 |7 0 |8 A |9 374032 |a BIBAGR |b BIBAGR |d 2019-11-21 |i 3927318 |o 338.191724 HOD 2003 |p 3927318 |r 2025-01-20 |w 2019-11-21 |y BK |k AGR | ||